000 00716nam a2200217 i 4500
001 140967
003 ES-MaACL
005 20231113190836.0
007 t|
008 070918s1957 sp ||||1| spa d
080 _a82-311.2"19"
100 1 _aGreen, Henry
_cSeud. de Henry Yorke.
_959840
245 1 0 _aAmor /
_cHenry Yorke ; versión española de Caridad Marín.
260 _aBarcelona :
_bSeix y Barral,
_c1957.
300 _a304 p. ;
_c18 cm.
490 1 _aBiblioteca breve de bolsillo ;
_v119.
_aLibros de enlace
700 1 _aMarín, Caridad.
_976738
830 0 _aBiblioteca breve de bolsillo. Libros de enlace
_v119.
_9184375
852 _aES-MaACL
_jC-13476
_bR.40905
999 _c140967
_d140967